Poetas bucólicos griegos / (Record no. 162352)

MARC details
000 -LEADER
campo de control de longitud fija 01021nam a2200253 i 4500
001 - NÚMERO DE CONTROL
campo de control 162352
003 - IDENTIFICADOR DE NÚMERO DE CONTROL
campo de control ES-MaACL
005 - FECHA Y HORA DE LA ÚLTIMA TRANSACCIÓN
campo de control 20251216175757.0
008 - DATOS DE LONGITUD FIJA--INFORMACIÓN GENERAL
campo de control de longitud fija 040920s1880 sp |||| | spa d
040 ## - FUENTE DE CATALOGACIÓN
Centro catalogador/agencia de origen CCPB | B
Lengua de catalogación spa
Centro/agencia transcriptor CCPB | B
245 00 - MENCIÓN DEL TÍTULO
Título Poetas bucólicos griegos /
Mención de responsabilidad, etc. traducidos en verso castellano por Ignacio Montes de Oca y Obregón, entre los árcades, Ipandro Acaico, con notas explicativas, críticas y filológicas.
250 ## - MENCION DE EDICION
Mención de edición 2ª ed.
260 ## - PUBLICACIÓN, DISTRIBUCIÓN, ETC.
Lugar de publicación, distribución, etc. Madrid :
Nombre del editor, distribuidor, etc. [s.n.],
Fecha de publicación, distribución, etc. 1880 (
Fabricante Imprenta Central á cargo de Víctor Saiz)
300 ## - DESCRIPCIÓN FÍSICA
Extensión LXXII, 424 p. ;
Dimensiones 19 cm.
490 1# - MENCIÓN DE SERIE
Mención de serie Biblioteca clásica ;
Designación de volumen o secuencia 29
500 ## - NOTA GENERAL
Nota general Ipandro Acaico es seudónimo de Ignacio Montes de Oca y Obregón.
594 ## - Nota al título y mención de responsabilidad
Nota al título y mención de responsabilidad Tit. en antep.: Bucólicos griegos.
597 ## - NOTA DE DESCRIPCIÓN FÍSICA
NOTA DE DESCRIPCIÓN FÍSICA Antep.
700 ## - ENTRADA AGREGADA--NOMBRE PERSONAL
Nombre de persona Montes de Oca y Obregón, Ignacio,
Títulos y otros términos asociados al nombre Obispo de San Luis Potosí
9 (RLIN) 188277
830 0# - PUNTO DE ACCESO ADICIONAL DE SERIE-TÍTULO UNIFORME
Título uniforme Biblioteca clásica ;
Designación de volumen o secuencia 29
9 (RLIN) 180370
852 ## - LOCALIZACIÓN
Ubicación ES-MaACL
Número de control de estantería F-13248
Nota libre -- Enc. tela
Holdings
Estatus retirado Estado de pérdida Estado de daño No para préstamo Colección Biblioteca de origen Biblioteca actual Ubicación en estantería Fecha de adquisición Fuente de adquisición Total de préstamos Signatura topográfica completa Código de barras Visto por última vez Precio de reemplazo Tipo de ítem Koha
        Libros del s. XIX Biblioteca del Ateneo de Madrid Biblioteca del Ateneo de Madrid Sala Pecera Planta 2 17/01/2008     F-13248 1170087 23/02/2023 23/02/2023 Libro impreso antiguo